000
00330nam a22001457a 4500
003
OSt
005
20220218095725.0
008
220218b |||||||| |||| 00| 0 eng d
020
_a
0324181485
040
_c
HU
082
_a
658.8072
100
_a
Zikmund
_9
30801
245
_a
Exploring Marketing Research
942
_2
ddc
_c
BOOKS
_n
0
999
_c
30751
_d
30751